000 00417nam a2200169Ia 4500
003 GCL
040 _aGCL /
_cGCL
082 0 4 _aCH
_b833
_bD S
100 1 _aDISNEY, WALT
245 1 0 _aSCHNEEWITTCHEN UND DIE 7 ZWERGE /
_cDISNEY, WALT
260 _a[S.N] :
_bPESTALOZZI- VERLAG ،
_c1992
650 0 4 _aLITERATURE
650 0 4 _aFICTION
650 0 4 _aGERMAN FICTION
650 0 4 _aGERMAN LITERATURE
942 _2ddc
_cBK
999 _c18377
_d18377